NIST handbook of mathematical functions[With CD] (Record no. 17967)

MARC details
000 -LEADER
fixed length control field 00583nam a2200181Ia 4500
003 - CONTROL NUMBER IDENTIFIER
control field IN-BaIIA
008 - FIXED-LENGTH DATA ELEMENTS--GENERAL INFORMATION
fixed length control field 211028s9999 xx 000 0 eng d
020 ## - INTERNATIONAL STANDARD BOOK NUMBER
International Standard Book Number 978-0-521-14063-8
040 ## - CATALOGING SOURCE
Transcribing agency IIA Library
080 ## - UNIVERSAL DECIMAL CLASSIFICATION NUMBER
Universal Decimal Classification number (035)51
Item number NIS
100 ## - MAIN ENTRY--PERSONAL NAME
Personal name Olver, Frank W. J.
9 (RLIN) 34198
245 #0 - TITLE STATEMENT
Title NIST handbook of mathematical functions[With CD]
Statement of responsibility, etc. Frank W. J Olver
260 ## - PUBLICATION, DISTRIBUTION, ETC.
Place of publication, distribution, etc. Cambridge
Name of publisher, distributor, etc. Cambridge University Press
Date of publication, distribution, etc. 2010
300 ## - PHYSICAL DESCRIPTION
Extent xv, 951p.
650 ## - SUBJECT ADDED ENTRY--TOPICAL TERM
Topical term or geographic name entry element Handbook-Mathematical functions
9 (RLIN) 34199
650 ## - SUBJECT ADDED ENTRY--TOPICAL TERM
Topical term or geographic name entry element Mathematial functions-Handbook
9 (RLIN) 34200
942 ## - ADDED ENTRY ELEMENTS (KOHA)
Koha item type Books
Holdings
Withdrawn status Lost status Damaged status Not for loan Home library Current library Shelving location Date acquired Source of acquisition Cost, normal purchase price Total Checkouts Full call number Barcode Date last seen Cost, replacement price Price effective from Koha item type Purchase Price
        IIA Library-Bangalore IIA Library-Bangalore General Stacks 05/02/2011 EDS 1230.00   (035)51/ NIS 18889 05/11/2021 1230.00 05/02/2011 Books Rs. 1230.00

Powered by Koha